000 00458 a2200169 4500
003 Nust
005 20170207153357.0
040 _cNust
082 _a005.1
100 _aBakihtiar , Capt Babar BESE-06
245 _aIntergrated hospital information & management system .
_cCapt Babar Bakhtiar & Capt Muhammad Ilyas BESE-06
260 _bMCS
_c2004
300 _a53p
538 _aAlmirah No.71 Shelf No.4
650 _a UG Projects
651 _a UG CS Projects
942 _cTHS
999 _c184810
_d184810